| 000 | 00497nam a2200181Ia 4500 | ||
|---|---|---|---|
| 003 | OSt | ||
| 005 | 20231214165014.0 | ||
| 008 | 210210b1913 xxu||||| |||| 00| 0 eng d | ||
| 040 | _cAL | ||
| 041 | _aKannada | ||
| 082 | _a851/487 | ||
| 100 |
_aSHADAKSHARI DEVA ಷಡಕ್ಷರಿ ದೇವ _9146032 |
||
| 245 |
_aShabarashankara vilasa _bಶಬರಶಂಕರ ವಿಲಾಸ |
||
| 260 |
_aMaisuru _b- _c1913 |
||
| 690 |
_aKannada Poetry _9146035 |
||
| 906 | _a018504 | ||
| 942 |
_2ddc _cBK |
||
| 999 |
_c141988 _d141988 |
||